Vista normal Vista MARC

Entrada Topical Term

Número de registros utilizados en: 1

001 - CONTROL NUMBER

  • control field: 3542

003 - CONTROL NUMBER IDENTIFIER

  • control field: OSt

005 - DATE AND TIME OF LATEST TRANSACTION

  • control field: 20200424145732.0

008 - FIXED-LENGTH DATA ELEMENTS

  • fixed length control field: 200424|| aca||aabn | a|a d

040 ## - CATALOGING SOURCE

  • Original cataloging agency: OSt
  • Transcribing agency: OSt

150 ## - HEADING--TOPICAL TERM

  • Topical term or geographic name entry element: Justicia Paz

670 ## - SOURCE DATA FOUND

  • Source citation: Work cat.: (OSt)5012: Colombia. Ministerio del Interior y de Justicia autor 3541, Compilación normativa sobre justicia y paz y proceso de desmovilización reincorporación y reconciliación nacional/, 2007